000 00613cam a2200181 a 4500
020 _a0691043337 (pbk. : alk. paper)
040 _cDLC
082 0 0 _a792 PRI 1995 A085 Or.
100 1 _aOrtolani, Benito.
245 1 4 _aThe Japanese theatre :
_bfrom shamanistic ritual to contemporary pluralism /
250 _aRev. ed.
260 _aPrinceton, N.J. :
_bPrinceton University Press,
_c1995.
300 _axv, 375 p. :
_bill. ;
_c24 cm.
650 0 _aTheater
856 4 1 _uhttp://www.loc.gov/catdir/toc/prin031/94023504.html
856 4 2 _uhttp://www.loc.gov/catdir/description/prin021/94023504.html
942 _cEK
999 _c13486
_d13486